000
00224nam a2200097Ia 4500
008
190216s9999||||xx |||||||||||||| ||und||
100
_a
Sundaram K P M
245
0
_a
Elementary Economics
260
_b
Ramchand & Co.
942
_c
BK
999
_c
9166
_d
9166